000 00278nam a22001217a 4500
008 181218b xxu||||| |||| 00| 0 eng d
041 _aeng
080 _28th
_a610
100 _a4
101 _aSHM
245 _aDiabetes Mellitus
_cLilly Research Laboratories
942 _2udc
_cBK
999 _c53381
_d53381